000 00680nam a2200205Ia 4500
003 GCL
008 140319s9999 xx 000 0 ara d
040 _aGCL /
_cGCL
082 0 4 _a070.19
_bع ب
100 1 _aعاطف عدلى العبد
245 1 0 _aبرامج الاطفال التلفزيونية :
_bدراسة تحليلية و ميدانية /
_cعاطف عدلى العبد
260 _aالقاهرة :
_bدار الفكر العربى
300 _a440 ص ؛
_c24 سم
490 _a
650 0 4 _aالاطفال
650 0 4 _aالاعلام
650 0 4 _aبرامج التليفزيون
650 0 4 _aالتليفزيون والاطفال
942 _2ddc
_cBK
999 _c31929
_d31929